00851nam a2200181 a 450000100100000000500170001000800410002704000250006808200180009311101310011124501170024224600860035926000360044530000280048159000270050995201160053699900170065200004848420201002061204.0190322s2013 dr a r 000 0 spa d aDO-SdBNPbspacBNPHU a001.42bN939i2 aCongreso internacional interdisciplinario de investigaciones científican(9no. :d13-14 de junio 2013cSanto Domingo)97590410aIX congreso internacional interdisciplinario de investigación científica :bprograma y libro de resúmenes.10anoveno congreso internacional interdisciplinario de investigaciones científica. aSanto Domingo :bMESCyT,c2013. a163 p. :bil. ;c28 cm. a_Inventariado, 2019/BT 0010718PDaPDbPDcHDd2019-03-22iLF1l0o001.42 N939ip48484-10r2020-06-25w2020-06-25yLFPDZNo se presta c47972d47972